Monkeys & apes / (Record no. 3938)

MARC details
000 -LEADER
fixed length control field 01038cam a2200325 a 4500
001 - CONTROL NUMBER
control field 3938
003 - CONTROL NUMBER IDENTIFIER
control field FISKH
005 - DATE AND TIME OF LATEST TRANSACTION
control field 20250602095625.0
008 - FIXED-LENGTH DATA ELEMENTS--GENERAL INFORMATION
fixed length control field 090915r20092008paua j 001 0 eng
010 ## - LIBRARY OF CONGRESS CONTROL NUMBER
LC control number 2009038505
020 ## - INTERNATIONAL STANDARD BOOK NUMBER
International Standard Book Number 9781422215227
020 ## - INTERNATIONAL STANDARD BOOK NUMBER
International Standard Book Number 9781848102347
040 ## - CATALOGING SOURCE
Original cataloging agency DLC
Transcribing agency DLC
Modifying agency DLC
Language of cataloging eng
050 00 - LIBRARY OF CONGRESS CALL NUMBER
Classification number QL737.P9
Item number D43 2009
082 00 - DEWEY DECIMAL CLASSIFICATION NUMBER
Classification number 599.8
Edition number 22
100 1# - MAIN ENTRY--PERSONAL NAME
Personal name De la Bédoyère, Camilla.
245 10 - TITLE STATEMENT
Title Monkeys & apes /
Statement of responsibility, etc. Camilla de la Bedoyere.
246 3# - VARYING FORM OF TITLE
Title proper/short title Monkeys and apes
260 ## - PUBLICATION, DISTRIBUTION, ETC.
Place of publication, distribution, etc. Broomall :
Name of publisher, distributor, etc. Mason Crest Publishers,
Date of publication, distribution, etc. 2009.
300 ## - PHYSICAL DESCRIPTION
Extent 48 pages :
Other physical details color illustrations ;
Dimensions 30 cm
490 0# - SERIES STATEMENT
Series statement 100 things you should know about
500 ## - GENERAL NOTE
General note Originally published: United Kingdom : Mason Crest Publishers, 2008.
500 ## - GENERAL NOTE
General note Includes index.
520 ## - SUMMARY, ETC.
Summary, etc. Explores the world of primates, our closest cousins.
650 #0 - SUBJECT ADDED ENTRY--TOPICAL TERM
Topical term or geographic name entry element Monkeys
Form subdivision Juvenile literature.
650 #0 - SUBJECT ADDED ENTRY--TOPICAL TERM
Topical term or geographic name entry element Apes
Form subdivision Juvenile literature.
906 ## - LOCAL DATA ELEMENT F, LDF (RLIN)
a 7
b cbc
c orignew
d 1
e ecip
f 20
g y-gencatlg
942 ## - ADDED ENTRY ELEMENTS (KOHA)
Source of classification or shelving scheme Dewey Decimal Classification
Koha item type Books
Suppress in OPAC No
Holdings
Withdrawn status Lost status Source of classification or shelving scheme Damaged status Not for loan Collection Home library Current library Shelving location Date acquired Total Checkouts Full call number Barcode Date last seen Copy number Price effective from Koha item type
    Dewey Decimal Classification     Non-Fiction Footprints International School Library Network Toul Kork Campus Footprints International School Library Network Toul Kork Campus A TK Campus, 4th Floor, Room B401, Non-Fiction Bookcases(7-8) 05/24/2024   DEL 599.8 QL737.P9 2024-0702 05/24/2024 1 05/24/2024 Books
    Dewey Decimal Classification     Non-Fiction Footprints International School Library Network Toul Kork Campus Footprints International School Library Network Toul Kork Campus A TK Campus, 4th Floor, Room B401, Non-Fiction Bookcases(7-8) 06/02/2025   DEL 599.8 QL737.P9 2025-1457 06/02/2025 2 06/02/2025 Books